000 01081cam a22003257a 4500
003 CHAP
005 20220329140818.0
008 971013s1974 r 00010 d
010 _a58027
011 _a58999
035 _a63156
040 _cCHAP
090 _aFolleto 2304
100 0 0 _aSmith, F. W.
_9107002
245 0 _aFoliar symptoms of nutrient disorders in Cenchrus ciliaris
260 _aMelbourne :
_bCommonwealth Scientific and Industrial Research Organization. Division of Tropical Agronomy,
_c1974
300 _a10 p.
_b: ilus.
490 0 _aTechnical paper
_v; 16
590 _aBATCH-UPD
_b10
_c20130110
_lUCH01
_h0907
590 _aBATCH-UPD
_b10
_c20130410
_lUCH01
_h0533
590 _aBATCH-UPD
_b10
_c20130914
_lUCH01
_h1201
590 _aCONVERSION
_b10
_c20130109
_lUCH01
_h1331
650 1 4 _aDiagnóstico foliar.
_932394
650 1 4 _aPlantas
_xDeficiencias nutritivas.
_988812
650 1 4 _aZacate Buffel.
_9123395
830 0 _aTechnical paper
_v; 16
_9111899
901 _aBK
942 _cFOLL
949 _aFolleto 2304
_bBC
_cFOLL
_d-135649
_eTS1
_i63156
_si
999 _c58027
_d58027